Vista normal Vista MARC

Entrada Topical Term

Número de registros utilizados en: 1

001 - CONTROL NUMBER

  • control field: 42041

003 - CONTROL NUMBER IDENTIFIER

  • control field: OSt

005 - DATE AND TIME OF LATEST TRANSACTION

  • control field: 20220329123132.0

008 - FIXED-LENGTH DATA ELEMENTS

  • fixed length control field: 220329|| aca||aabn | a|a d

040 ## - CATALOGING SOURCE

  • Original cataloging agency: OSt
  • Transcribing agency: OSt

150 ## - HEADING--TOPICAL TERM

  • Topical term or geographic name entry element: Cuentos infantiles africanos

670 ## - SOURCE DATA FOUND

  • Source citation: Work cat.: (OSt)15860: Sholes, Katherine, autor 42036, El niño y la ballena /, 2001.